02623cam a22003618i 45000010009000000050017000090080041000260100017000670200031000840200030001150200027001450350013001720400023001850410012002080420008002200430012002280500022002401000040002622450131003022500019004332640034004523000035004865040051005215050451005725200953010236500047019766500037020236500037020606500050020979420008021479520091021559990015022462226287020260309100059.0211005s2022 nyu b 001 0 eng  a 2021048791 a9781032014784q(paperback) a9781032015361q(hardback) z9781003179009q(ebook) a22262870 aDLCbengerdacDLC aEnglish apcc an-us---00aML3790b.A45 2022 aAllen, Paul, 1946- d1946-eauthor.10aArtist management for the music business b: manage your career in music or manage the music careers of others c/ Paul Allen. aFifth edition. 1aNew York :bRoutledge,c2022. a400 Pages 27 B/W Illustrations aIncludes bibliographical references and index. aArtist Management Principles — Preparing to Manage — Entrepreneurship — The Artist Prepares to be Managed — Lessons in Artist Management — The Indie Artist — The Artist Management Contract — A Planning Primer for the Artist Manager — The Artist as a Business and a Brand — Income from Live Performance — Income from Songwriting — Income from Recording — Conducting Business for the Artist — Mentors, Coaches and Leaders. a"Anyone managing an artist's career needs to be well versed and have a savvy understanding of the moving parts of the music business. Learn how and why those moving parts "move," as well as how to manage and navigate a music-based career. Artist Management for the Music Business gives a comprehensive view of how to generate income through music and how to strategically plan for future growth. The book is full of valuable practical insights. It includes interviews and case studies with examples of real-world management issues and outcomes. Updates to this new edition include a new chapter for independent, self-managing artists, expanded and updated sections on networking, social media and streaming, and a basic introduction to data analytics for the music business. This book gives access to resources about artist management and the music business at its companion website, http://www.artistmanagementonline.com"--cProvided by publisher. 0aPerforming arts - Management.xManagement. 0aMusic trade x Management913539 0aMusic - Economic aspects.926853 0aPerforming arts - Vocational guidance.926854 2lcc 00102lcc4070aTBSbTBSd2026-03-09l0r2026-03-09t1w2026-03-09y1zSOON AVAILABLE c5401d5401